Loops 1. Una historia de la música electrónica en el sigo xx

Αποθηκεύτηκε σε:
Λεπτομέρειες βιβλιογραφικής εγγραφής
Άλλοι συγγραφείς: Blánquez, Javier (Επιμελητής έκδοσης), León, Omar (Επιμελητής έκδοσης), Reynolds, Simon (prólogo)
Μορφή: Βιβλίο
Γλώσσα:Αγγλικά
Έκδοση: Barcelona, España: Penguin Random House, 2002
Έκδοση:Primera edición
Σειρά:Reservoir Books
Θέματα:
Ετικέτες: Προσθήκη ετικέτας
Δεν υπάρχουν, Καταχωρήστε ετικέτα πρώτοι!

MARC

LEADER 00000nam a22000007a 4500
003 CL-VaPUC
005 20220310095548.0
008 220228b2002 ||||| |||| 00| 0 eng d
999 |c 434579  |d 434577 
020 |a 978-84-17125-80- 
040 |c Pontificia Universidad Católica de Valparaíso 
082 |a 786.74 BLA 2002  |2 22 
100 1 |a Blánquez, Javier  |e editor  |9 866610 
245 |a Loops 1.  |b Una historia de la música electrónica en el sigo xx 
250 |a Primera edición 
260 |a Barcelona, España:  |b Penguin Random House,   |c 2002 
490 |a Reservoir Books 
500 |a C1. Donación Profesor Ricardo Álvarez Bulacio. Memo 16/12/2021 
583 |c 20220228  |k Sebastián Perez 
650 0 |a Música electrónica  |9 306461  |x Historia   |x Géneros y estilos  |z Siglo 20 
700 |a León, Omar  |e editor  |9 866611 
700 |a Reynolds, Simon  |e prólogo  |9 866612 
942 |2 ddc  |c BK 
952 |0 0  |1 0  |2 ddc  |4 0  |6 786_740000000000000_BLA_2002  |7 0  |8 A  |9 581512  |a BIBEDU  |b BIBEDU  |c GEN  |d 2022-02-28  |e Donación  |i 5648173  |o 786.74 BLA 2002  |p 5648173  |r 2023-01-12  |t 1  |w 2022-02-28  |y BK  |k MUS